00329nam a2200121Ia 4500008004100000041000800041082001900049100001800068245003500086260005300121300001200174999002100186231228s1992 xx 000 0 und d aeng a332.6 LALbLAL aLAL (Jawahar) aUnderstanding Indian Investors aNew DelhibGlobal Business Press New Delhic1992 avi, 128 c1083755d1083755